000 00638nam a2200241 a 4500
001 0001-0982
003 ELIB.Books
008 141008 2010 eng
020 _a080102563X
035 _a(ELIB.Books)0001-1136
092 _a241
_bHol
100 _aHollinger, Dennis P.
245 _aChoosing The Good
_bChristian Ethics in a Complex World
260 _aGrand Rapids
_bBaker Academic
_c2002
300 _a299
_c21 Cm
500 _aDr. Shwe Gyan
650 _aChristian Ethics
856 _nKBTS; Library
_uKBTS; Elib.
942 _2ddc
_cBK
990 _a2
998 _cbat
_e2014-10-08
999 _c10982
_d10982